000 00505nam a2200181Ia 4500
003 GCL
005 20240530104227.0
008 140319s9999 xx 000 0 ara d
040 _aGCL /
_cGCL
082 0 4 _a811.9
_bز ص
100 1 _aزين العابدين فؤاد
245 1 0 _aصفيحة من كتاب النيل /
_cزين العابدين فؤاد
300 _a165 ص
490 _a100 قصة
_v0
650 0 4 _aالشعر العربى
650 0 4 _aالادب العربى
942 _2ddc
_cBK
999 _c45646
_d45646